Irony/humor : critical paradigms /

Bibliographic Details
Main Author: Lang, Candace D., 1950-
Format: Book
Language:English
Published: Baltimore : Johns Hopkins University Press, [1988]
Subjects:

MARC

Tag First Indicator Second Indicator Subfields
LEADER 00000cam a2200000 a 4500
001 in00000006946
005 20151004070017.0
008 870505s1988 mdu b 00110 eng
010 |a  87045483  
020 |a 0801835283 (alk. paper) 
035 |a (OCoLC)15791331 
035 |9 AAA1407AM 
040 |a DLC  |c DLC  |d TXA  |d UtOrBLW 
043 |a e-fr--- 
049 |a TXAM  |c [A12630868] 
050 0 0 |a PQ282  |b .L26 1988 
082 0 |a 840/.91  |2 19 
100 1 |a Lang, Candace D.,  |d 1950- 
245 1 0 |a Irony/humor :  |b critical paradigms /  |c Candace D. Lang. 
264 1 |a Baltimore :  |b Johns Hopkins University Press,  |c [1988] 
264 4 |c ©1988 
300 |a 236 pages ;  |c 24 cm. 
336 |a text  |b txt  |2 rdacontent 
337 |a unmediated  |b n  |2 rdamedia 
338 |a volume  |b nc  |2 rdacarrier 
504 |a Bibliography: pages 119-227. 
500 |a Includes index. 
650 0 |a French literature  |y 19th century  |x History and criticism. 
650 0 |a Irony in literature. 
650 0 |a French wit and humor  |x History and criticism. 
650 0 |a French literature  |y 20th century  |x History and criticism. 
999 |a MARS 
999 f f |s 56d00491-d590-3aba-9e2f-fd10455f1aaa  |i 28ea6059-fbfd-39d4-b1ad-d9be92cd6533  |t 0 
952 f f |p normal  |a Texas A&M University  |b College Station  |c Sterling C. Evans Library  |d Evans: Library Stacks  |t 0  |e PQ282 .L26 1988  |h Library of Congress classification  |i unmediated -- volume  |m A14812630868 
998 f f |a PQ282 .L26 1988  |t 0  |l Evans: Library Stacks